000 00665nam a2200289Ia 4500
001 648
008 191123s9999 xx 000 0 und d
041 _aeng
044 _axxu
100 _aCaldwell, Erskine
245 0 _aYou have seen their faces.
260 _aNew York :
_bDuell, Sloan and Pearce,
_c1940.
300 _a190 p.
_bilus. b/n
650 _aESTADOS UNIDOS
650 _aFOTOGRAFIA
650 _aRETRATOS
700 _aBourke-White, Margaret,
902 _aM
903 _am
904 _am
907 _aImpreso
911 _ailus. b/n
912 _a1940
942 _cCOLECCION
999 _c447
_d447
550 _ailus. b/n